000
00243nam a22000857a 4500
008
161129b xxu||||| |||| 00| 0 eng d
100
_9
1536
_a
Pant,R, etal
245
_a
Modern trend in Communicative
260
_a
New Delhi
_b
Angel International
_c
2006
999
_c
4266
_d
4266